Suomi-visa - Statistics

Yleistilastot
  • Tätä visaa on pelattu 413 kertaa
  • Keskiarvotulos 10 / 15
Vastaustilastot
Kysymys Vastaus % Oikein
Mikä on Suomen pääkaupunki? Helsinki
96%
Mikä on ollut Suomen paras sijoitus euroviisuissa? 1. sija
95%
Kuka oli Suomen ensimmäinen presidentti? K. J. Ståhlberg
95%
Mikä on Suomen katsotuin elokuva? Tuntematon sotilas
95%
Mikä on Suomen kansalliseläin? Ruskeakarhu
89%
Mikä on suomen kansallislintu? Laulujoutsen
86%
Mikä on suomen kansallislaulu? Maammelaulu
83%
Mikä on suomen kansalliskivilaji? Graniitti
82%
Kuka on Suomen suosituin artisti? JVG
68%
Kuka kirjoitti Kalevalan? Elias Lönnroth
61%
Mikä oli Suomen alin lämpötila vuonna 2021? -39,7
58%
Kuinka monta järveä on suomessa? 168 000
48%
Mikä on Suomen suurin kunta? Inari
46%
Mikä on Suomen suosituin ja luotetuin brändi? Fazer
20%
Kuinka monta kirjainta on Suomen pisimmässä sanassa? 30 kirjainta
7%
Ehtoja vastaavia visoja ei löytynyt
Tulosjakauma
Jokaisen tuloksen saaneiden osuus
Persentiili vastausten määrän mukaan
Tuloshistoriasi
Et ole pelannut tätä visaa